Sultans of the Ottoman Empire - Statistics

General Stats
  • This quiz has been taken 2,012 times
  • The average score is 9 of 14
Answer Stats
Name % Correct
Mehmed
94%
Suleiman
89%
Osman
87%
Selim
71%
Murad
69%
Beyezid
67%
Ahmed
60%
Orhan
60%
Abdul Hamid
58%
Mustafa
58%
Abdulmejid
49%
Ibrahim
48%
Mahmud
45%
Abdülaziz
41%
No matching quizzes found
Score Distribution
Percent of People with Each Score
Percentile by Number Answered
Your Score History
You have not taken this quiz